| 000 -LEADER |
| fixed length control field |
00403nam a2200157Ia 4500 |
| 008 - FIXED-LENGTH DATA ELEMENTS--GENERAL INFORMATION |
| fixed length control field |
200103s9999||||xx |||||||||||||| ||und|| |
| 020 ## - INTERNATIONAL STANDARD BOOK NUMBER |
| International Standard Book Number |
9781870077767, |
| 082 ## - DEWEY DECIMAL CLASSIFICATION NUMBER |
| Classification number |
Column-4 |
| 100 ## - MAIN ENTRY--PERSONAL NAME |
| Personal name |
Phil Anderson |
| 245 #4 - TITLE STATEMENT |
| Title |
The mariner's role in collecting evidence in light of ISM |
| 250 ## - EDITION STATEMENT |
| Edition statement |
3rd Ed. |
| 260 ## - PUBLICATION, DISTRIBUTION, ETC. (IMPRINT) |
| Name of publisher, distributor, etc |
The Nautical Institute |
| Date of publication, distribution, etc |
2006 |
| 300 ## - PHYSICAL DESCRIPTION |
| Extent |
xvi, 400 |
| 942 ## - ADDED ENTRY ELEMENTS (KOHA) |
| Item type |
Books |